LEADER 01243nam2 2200289 450 001 000043463 005 20171211133147.0 100 $a20171030d1928----km-y0itaa50------ba 101 0 $aita 102 $aIT 200 1 $aEcologia agraria$fGirolamo Azzi 210 $aTorino$cUnione tipografico-editrice torinese$d1928 215 $a237 p., [2] carte di tav. ripieg.$cill.$d28 cm. 300 $aSul verso contro il frontespizio: parte seconda 316 $aSulla pagina precedente il frontespizio, firma autografa e data: Giocchino Viggiani, 18 luglio 1928 461 1$1001000034976$12001$aNuova enciclopedia agraria italiana in ordine metodico$v2 606 1 $aEcologia agraria 676 $a577.55$v(22. ed.)$9Ecologia degli ambienti creati dall'uomo 700 1$aAzzi,$bGirolamo$0446581 801 0$aIT$bUniversità della Basilicata - B.I.A.$gREICAT$2unimarc 912 $a000043463 996 $aEcologia agraria$9102182 997 $aUNIBAS CAT $aSTD017$b01$c20171030$lBAS01$h1829 CAT $aTTM$b30$c20171211$lBAS01$h1331 FMT Z30 -1$lBAS01$LBAS01$mBOOK$1BASA2$APolo Tecnico-Scientifico$2FVIG$BFondo Viggiani$3FVig/41685$641685$5T41685$7Collocato presso la Scuola di Agraria$820171030$f35$FStanza riservata$hVol.2 LEADER 00919nas 2200313 450 001 000020657 005 20090609111814.0 011 $a0046-5755 100 $a20071019a----9999km-y0itay50------ba 101 0 $aeng 102 $aNL 110 $aa------0uu- 200 1 $aGeometriae dedicata 210 $aDordrecht$cKluwer 215 $d24 cm. 300 $aDescrizione basata su: vol. 25, (1988) 326 $aMensile 676 $a515.15$v(21. ed.)$9Analisi. Calcolo e geometria analitica 801 0$aIT$bUniversità della Basilicata - B.I.A.$gRICA$2unimarc 912 $a000020657 958 $aB.I.A. PTS$c1975-1999;$l1999;$tA 996 $aGeometriae dedicata$985718 997 $aUNIBAS BAS $aSCIENZE CAT $aSTD054$b10$c20071019$lBAS01$h1528 CAT $aSTD068$b10$c20081001$lBAS01$h1754 CAT $aSTD068$b10$c20081001$lBAS01$h1754 CAT $aGLR$b10$c20090609$lBAS01$h1118 FMT